Economic development and social transformation: Role of sericulture project in Nagaland (Record no. 115507)

000 -LEADER
fixed length control field 01603pab a2200181 454500
008 - FIXED-LENGTH DATA ELEMENTS--GENERAL INFORMATION
fixed length control field 180718b2013 xxu||||| |||| 00| 0 eng d
100 ## - MAIN ENTRY--PERSONAL NAME
Personal name Sikligar, P.C.
245 ## - TITLE STATEMENT
Title Economic development and social transformation: Role of sericulture project in Nagaland
260 ## - PUBLICATION, DISTRIBUTION, ETC.
Date of publication, distribution, etc. 2013
300 ## - PHYSICAL DESCRIPTION
Extent p.174-192.
362 ## - DATES OF PUBLICATION AND/OR SEQUENTIAL DESIGNATION
Dates of publication and/or sequential designation Jan-Mar
520 ## - SUMMARY, ETC.
Summary, etc. Economic resource is one of the major components of social transformation if the atmosphere remains conducive to entrepreneur ship development otherwise, economic development and social transformation not necessarily move together. Economic development influences modem equipment, advance technology, better infrastructure for welfare of the society through individual or group approach. This article has been designed based on an empirical study which explores how economic development promotes social transformation among the beneficiaries of sericulture projects. Sericulture in recent years has become one of the major sources of income generation in the areas studied which not even promotes livelihoods alone but simultaneously enriches protein contain through the pupae besides socio-economic development among the farmers engaged in the project. This study covers six districts of Nagaland where this project was implemented in phase-wise under SGSY-special project which promotes life style of the farmers. - Reproduced.
650 ## - SUBJECT ADDED ENTRY--TOPICAL TERM
Topical term or geographic name entry element Economic and social development - India - Nagaland
650 ## - SUBJECT ADDED ENTRY--TOPICAL TERM
Topical term or geographic name entry element sericulture - India - Nagaland
650 ## - SUBJECT ADDED ENTRY--TOPICAL TERM
Topical term or geographic name entry element Economic and social development
773 ## - HOST ITEM ENTRY
Main entry heading Indian Journal of Public Administration
909 ## -
-- 115513
Holdings
Withdrawn status Lost status Damaged status Not for loan Permanent Location Current Location Date acquired Serial Enumeration / chronology Barcode Date last seen Price effective from Koha item type
        Indian Institute of Public Administration Indian Institute of Public Administration 2018-07-19 Volume no: 59, Issue no: 1 AR115973 2018-07-19 2018-07-19 Articles

Powered by Koha